000 01443nam a2200397 c 4500
999 _c163512
_d163512
003 BLK
005 20231204094512.0
008 180410b bul|||||r ||||||| ||bul||
010 _aKNG00170950000
040 _aBLK
041 _aBUL
_cBUL
072 7 _2bullib
_aК
_xКраезнание
080 _aНай ниска степен на управление. Общинско управление. Градско управление
_b352
_x(497.215)
_z352(497.215)
139 _aДоклад на Русенския градски народен съвет за 1948 година
_bД 73
245 1 0 _aДоклад на Русенския градски народен съвет за 1948 година
257 _aBGR
260 _c1949
300 _a27 с.
_c23 см
380 _a3
650 4 _aНародни съвети - България
_9275829
650 4 _aРусе - стопанско развитие
_9275828
651 4 _aБългария
_9241624
651 4 _aРусе
_9179462
653 _aместно управление
653 _aнародни съвети
653 _aбългарска история
659 _aК
852 _aЦб 75267
852 _aК 352/354/Д 73
856 4 _qpdf
856 4 _qpdf
942 _cKNG
_n0
_s1
_01
944 _aCR
_c10.02.2015
_k30529
_lДиана Гривева
944 _aED
_c10.02.2015
_kВаля_Йорданова
999 _d163512